000 00999nam a2200289 i 4500
003 DO-SdBNP
005 20250812120047.0
007 ta
008 250812b2025 dr a|||| |||| 00| 0 spa d
020 _a9789945295474
040 _aDO-SdBNP
_bspa
_cBNPHU
_erda
041 _aspa
082 4 _axxx
_bB268n
_222
100 _aJimmy Barranco Ventura
_d1951-
_eautor
_4aut.
_987567
245 1 0 _aNutridivinanzas de mi abuelito /
_cJimmy Barranco Ventura ; editor, Ramón Saba ; prólogo, César Sánchez Beras
264 1 _aSanto Domingo :
_bsoto Castillo,
_c2025.
300 _a246 páginas :
_bilustraciones ;
_c24 cm.
336 _atexto
_btxt
_2rdacontent
337 _asin mediación
_bn
_2rdamedia
338 _avolumen
_bnc
_2rdacarrier
500 _a Incluye datos biográficos del autor en las solapas
590 _aInventariado, 2025/BT
700 1 _aSaba, Ramón
_eeditor
_4ed.
_971165
700 1 _aSánchez Beras, César,
_eprologuista
_4pr.
_928501
910 _aBtavárez
942 _2ddc
_cLBS1
999 _c59774
_d59774